01071nam a2200181 a 450000100060000000300090000600800410001504000280005608200160008410000210010024500180012126000370013950000220017650506030019865000270080165000450082865000160087322574CO-ViMGA141112s2004 ck r 000 u spa d aCO-ViMGAbspacCO-ViMGA04a617.6 B174o1 aBarrios, Gustavo10aOdontología aBogotá : bEditar ltda, c2004 aVol. y núm. : 3 aVolumen 1 : Los 4 pilares de la periodoncia, periodonto normal, clasificacion de enfermedades gingiviales y periodontales, placa bacteriana, control quimico, nutricion 9 - 355 - - Volumen 2 : El neutrófilo gingivial, alteraciones gingiviales, enfermedades, periodontales, ultraestructura del epitelio de unión en salud y enfermedad, alteracionesgingivo - periodontales en niños adolescente, patologias que afectan el periodonto 373 - 731 - - Volumen 3 : Epidemiologia, examen - diagnostico - pronósticoplande tratamiento, cirugia periodontal, cirugia mucogingival, cirugia osea 781 - 1127 14aDIENTES - ENFERMEDADES14aENFERMEDADESPERIODENTALES - PREVENCIóN14aODONTOLOGIA